<?xml version="1.0" encoding="UTF-8"?>
<record
    xmlns:xsi="http://www.w3.org/2001/XMLSchema-instance"
    xsi:schemaLocation="http://www.loc.gov/MARC21/slim http://www.loc.gov/standards/marcxml/schema/MARC21slim.xsd"
    xmlns="http://www.loc.gov/MARC21/slim">

  <leader>01108aam a2200373   4500</leader>
  <controlfield tag="005">20220128095941.0</controlfield>
  <controlfield tag="008">150519b        xxu||||| |||| 00| 0 spa d</controlfield>
  <datafield tag="041" ind1=" " ind2=" ">
    <subfield code="a">spa</subfield>
  </datafield>
  <datafield tag="082" ind1=" " ind2=" ">
    <subfield code="a">657.45 T275au</subfield>
  </datafield>
  <datafield tag="100" ind1=" " ind2=" ">
    <subfield code="a">Tellez Trejo, Benjam&#xED;n Rolando</subfield>
    <subfield code="9">6143</subfield>
  </datafield>
  <datafield tag="245" ind1=" " ind2=" ">
    <subfield code="a">Aud&#xED;tor&#xED;a: un enfoque pr&#xE1;ctico</subfield>
  </datafield>
  <datafield tag="260" ind1=" " ind2=" ">
    <subfield code="a">M&#xE9;xico</subfield>
  </datafield>
  <datafield tag="260" ind1=" " ind2=" ">
    <subfield code="b">Learning</subfield>
  </datafield>
  <datafield tag="260" ind1=" " ind2=" ">
    <subfield code="c">2004</subfield>
  </datafield>
  <datafield tag="300" ind1=" " ind2=" ">
    <subfield code="a">445 p&#xE1;ginas</subfield>
  </datafield>
  <datafield tag="650" ind1=" " ind2=" ">
    <subfield code="a">AUDITOR&#xCD;A</subfield>
    <subfield code="9">2653</subfield>
  </datafield>
  <datafield tag="650" ind1=" " ind2=" ">
    <subfield code="a">VALORES EN LA AUDITOR&#xCD;A</subfield>
    <subfield code="9">6144</subfield>
  </datafield>
  <datafield tag="650" ind1=" " ind2=" ">
    <subfield code="a">RESPONSABILIDADES PROFESIONALES</subfield>
    <subfield code="9">6145</subfield>
  </datafield>
  <datafield tag="650" ind1=" " ind2=" ">
    <subfield code="a">NORMAS DE AUDITOR&#xCD;A</subfield>
    <subfield code="9">6146</subfield>
  </datafield>
  <datafield tag="650" ind1=" " ind2=" ">
    <subfield code="a">FIRMA DE CONTADORES</subfield>
    <subfield code="9">6147</subfield>
  </datafield>
  <datafield tag="650" ind1=" " ind2=" ">
    <subfield code="a">CRONOGRAMAS</subfield>
    <subfield code="9">6148</subfield>
  </datafield>
  <datafield tag="650" ind1=" " ind2=" ">
    <subfield code="a"> CONTADURIA P&#xDA;BLICA</subfield>
    <subfield code="9">5560</subfield>
  </datafield>
  <datafield tag="650" ind1=" " ind2=" ">
    <subfield code="a">CONTADOR P&#xDA;BLICO</subfield>
    <subfield code="9">6149</subfield>
  </datafield>
  <datafield tag="650" ind1=" " ind2=" ">
    <subfield code="a">METODOLOG&#xCD;A DE LA AUDITOR&#xCD;A</subfield>
    <subfield code="9">6150</subfield>
  </datafield>
  <datafield tag="650" ind1=" " ind2=" ">
    <subfield code="a">PLANEACI&#xD3;N</subfield>
    <subfield code="9">62312</subfield>
  </datafield>
  <datafield tag="650" ind1=" " ind2=" ">
    <subfield code="a">SUPERVISI&#xD3;N</subfield>
    <subfield code="9">6152</subfield>
  </datafield>
  <datafield tag="650" ind1=" " ind2=" ">
    <subfield code="a">PROGRAMAS DE AUDITORIAS</subfield>
    <subfield code="9">6153</subfield>
  </datafield>
  <datafield tag="650" ind1=" " ind2=" ">
    <subfield code="a">CONTROL INTERNO</subfield>
    <subfield code="9">762</subfield>
  </datafield>
  <datafield tag="650" ind1=" " ind2=" ">
    <subfield code="a">&#xC9;TICA PROFESIONAL</subfield>
    <subfield code="9">2364</subfield>
  </datafield>
  <datafield tag="650" ind1=" " ind2=" ">
    <subfield code="a">EVIDENCIA</subfield>
    <subfield code="9">4681</subfield>
  </datafield>
  <datafield tag="650" ind1=" " ind2=" ">
    <subfield code="a">PAPELES DE TRABAJO</subfield>
    <subfield code="9">6154</subfield>
  </datafield>
  <datafield tag="650" ind1=" " ind2=" ">
    <subfield code="a">PROGRAMAS DE AUDITORIAS</subfield>
    <subfield code="9">6153</subfield>
  </datafield>
  <datafield tag="942" ind1=" " ind2=" ">
    <subfield code="c">BK</subfield>
  </datafield>
  <datafield tag="999" ind1=" " ind2=" ">
    <subfield code="c">5741</subfield>
    <subfield code="d">5741</subfield>
  </datafield>
  <datafield tag="952" ind1=" " ind2=" ">
    <subfield code="1">0</subfield>
    <subfield code="4">0</subfield>
    <subfield code="7">0</subfield>
    <subfield code="a">BACB</subfield>
    <subfield code="b">BACB</subfield>
    <subfield code="o">657.45 T275au</subfield>
    <subfield code="p">14800</subfield>
    <subfield code="w">2016-03-02</subfield>
    <subfield code="y">BK</subfield>
  </datafield>
</record>
